000 00530nam a2200181Ia 4500
005 20250326123931.0
008 250326s9999 xx 000 0 und d
037 _aTextbook
040 _aFMSL
_beng
_cFMSL
041 _aeng
_2eng
084 _aT:3(X:8).56 L2
_qFMSL
100 _aN E D O
245 0 _aTraining of british managers: study of need and demand
_cN E D O
260 _aLondon
_bLondon, Her Majesty's Stationery
_c1972
300 _a210p
942 _cTB
_hT:3(X:8).56 L2
999 _c1271547
_d1271547